Les états successeurs à l'empire d'Alexandre - Statistiques

Statistiques générales
  • Ce quiz a été pris 13 fois
  • Le résultat moyen est 3 sur 7
Statistiques - réponses
Réponse % Correct
Macédoine
83%
Égypte
75%
Empire Séleucide
50%
Bactriane
17%
Cappadoce
8%
Le Pont
8%
Pergame
8%
Aucun quiz correspondant
Distribution des résultats
% des personnes avec chaque résultat
Percentile par nombre de réponses
Votre historique - résultats
Vous n’avez pas pris ce quiz